000 01781cam a22002531 4500
003 CUTN
005 20250204163501.0
008 781108s1905 xx 000 0 eng
020 _a9789387826212
041 _aEnglish
082 _a915.4
_bCUR
100 1 _aCurtis, William Eleroy,
100 1 _d1850-1911.
245 1 0 _aModern India /
_cby William Eleroy Curtis.
260 _aChennai :
_b MJP Publishers,
_c2023.
300 _a310 p. :
_c23 cm.
505 _tChapter I The Eye of India, Chapter 2 The City of Bombay, Chapter 3 Servants, Hotels, and Cave Temples, Chapter 4 The Empire of India, Chapter 5 Two Hindu Weddings, Chapter 6 The Religions of India, Chapter 7 How India is Governed, Chapter 8 The Railways of India, Chapter 9 The City of Ahmedabad, Chapter 10 Jeypore and its Maharaja, Chapter 11 About Snakes and Tigers, Chapter 12 The Rajputs and their Country, Chapter 13 The Ancient Mogul Empire, Chapter 14 The Architecture of the Moguls, Chapter 15 The Most Beautiful of Buildings, Chapter 16 The Quaint Old City of Delhi, Chapter 17 The Temples and Tombs of Delhi, Chapter 18 Thugs, Fakirs, and Nautch Dancers, Chapter 19 Simla and the Punjab, Chapter 20 Famines and their Antidotes, Chapter 21 The Frontier Question, Chapter 22 The Army in India, Chapter 23 Muttra, Aligarh, Lucknow, Cawnpore, Chapter 24 Caste and the Women of India, Chapter 25 Education in India, Chapter 26 The Himalayas and the Invasion of Thibet, Chapter 27 Benares, The Sacred City, Chapter 28 American Missions in India, Chapter 29 Cotton, Tea, and Opium, Chapter 30 Calcutta, The Capital of India.
650 _aTravel;
650 _aHistory;
650 _aCultural Studies
651 0 _aIndia.
906 _a7
_bcbc
_coclcrpl
_du
_encip
_f19
_gy-gencatlg
942 _2ddc
_cBOOKS
999 _c43997
_d43997